| 000 | 00583nam a22001817a 4500 | ||
|---|---|---|---|
| 003 | CEME | ||
| 005 | 20210628203322.0 | ||
| 008 | 210304b xxu||||| |||| 00| 0 eng d | ||
| 020 | _a0-471-09517-6 | ||
| 040 | _c. | ||
| 082 | _a621.3822 VAN | ||
| 100 |
_aVan Trees, Harry.L _964684 |
||
| 245 | _aDetection, estimation, and linear modulation theory, detection, estimation, and modulation theory.part-i | ||
| 260 |
_aNEW YORK _bJOHN WILEY _c2001 |
||
| 300 | _aXVI,697P | ||
| 650 |
_aMODULATION THEORY.DETECTION, ESTIMATION, AND LINEAR MODULATION THEORY _964685 |
||
| 942 |
_cBK _2ddc |
||
| 999 |
_c573107 _d573107 |
||